000 00568nam a2200193 i 4500
001 23783
003 ES-MaACL
005 20240512063032.0
007 t|
008 021212s1964 sp ||||1| spa d
100 1 _aAmézaga, Elías,
_d1921-2008
_921216
245 1 0 _aJorge Sand
_b: Aurora Dupin íntima /
_cElías Amézaga.
260 _a[Bilbao :
_bSendo,
_c1964]
300 _a795 p. ;
_c24 cm.
600 1 4 _aSand, George,
_d1804-1876
_9103060
740 0 _aAurora Dupín íntima.
852 _aES-MaACL
_jA-7758
_bR.97331
999 _c23783
_d23783